British Rail`s fast favourite (Record no. 15627)

MARC details
000 -LEADER
fixed length control field 00812cab a2200217 4500
001 - CONTROL NUMBER
control field ABS40373
008 - FIXED-LENGTH DATA ELEMENTS--GENERAL INFORMATION
fixed length control field 090401t1989 xxu||||| |||| 00| 0 eng d
035 ## - SYSTEM CONTROL NUMBER
System control number (Sirsi) u23376
041 ## - LANGUAGE CODE
Language code of text/sound track or separate title eng
100 ## - MAIN ENTRY--PERSONAL NAME
Personal name Fowler, D.
245 ## - TITLE STATEMENT
Title British Rail`s fast favourite
260 ## - PUBLICATION, DISTRIBUTION, ETC.
Date of publication, distribution, etc. 1989
350 ## - PRICE (NR) (BK AM CF MU VM SE) [OBSOLETE]
Price 0
490 ## - SERIES STATEMENT
Series statement New Civil Engineer
Volume/sequential designation (825) 2 February 1989, 18-22(5)
520 ## - SUMMARY, ETC.
Summary, etc. Reviews British Rail `s three proposed routes for a high speed rail link between London and the Channel Tunnel . Discusses environmental arguments, civil engineering implications and political issues. All the routes have been rejected by Kent County Council and Bexley LBC in their present form.
690 ## - LOCAL SUBJECT ADDED ENTRY--TOPICAL TERM (OCLC, RLIN)
Topical term or geographic name as entry element PLANNING LAW AND PRACTICE
700 ## - ADDED ENTRY--PERSONAL NAME
Personal name Jones, H.
700 ## - ADDED ENTRY--PERSONAL NAME
Personal name Bishop, P.
942 ## - ADDED ENTRY ELEMENTS (KOHA)
Suppress in OPAC 0
948 ## - LOCAL PROCESSING INFORMATION (OCLC); SERIES PART DESIGNATOR (RLIN)
c (OCLC) 04/03/1997
Holdings
Withdrawn status Lost status Source of classification or shelving scheme Damaged status Not for loan Home library Current library Shelving location Date acquired Total Checkouts Full call number Barcode Date last seen Copy number Price effective from Koha item type
    Dewey Decimal Classification     London London Journal article 14/09/1999   ABS40373 23376-1001 06/08/2019 1 06/08/2019 Journal article